| 000 | 00774cab a2200253 4500 | ||
|---|---|---|---|
| 001 | WB2908-19 | ||
| 008 | 090401t1993 xxu||||| |||| 00| 0 eng d | ||
| 035 | _a(Sirsi) u59170 | ||
| 041 | _aeng | ||
| 245 | _aCouncil reporting rules may change | ||
| 260 | _c1993 | ||
| 350 | _a0 | ||
| 490 |
_aFinancial Times _v(25 February 1993, 8&12(2) |
||
| 520 | _aOutlines proposals put foward by CIPFA requiring local authorities to maintain registers of all their fixed assets. | ||
| 650 | _aACCOUNTING STANDARDS BOARD | ||
| 650 | _aASSET REGISTERS | ||
| 650 | _aCAPITAL ACCOUNTING | ||
| 650 | _aCONSULTATION PAPERS | ||
| 650 | _aFIXED ASSETS | ||
| 650 | _aLOCAL AUTHORITIES | ||
| 690 | _aPROPERTY-PROPERTY FINANCE AND INVESTMENT | ||
| 942 | _n0 | ||
| 948 | _c04/03/1997 | ||
| 999 |
_c36263 _d36263 |
||